Организация управления развитием научно-технического потенциала отраслевых НИИ и КБ: проблемная лекция

書誌詳細
団体著者: Московский институт управления им. С. Орджоникидзе (МИУ)
その他の著者: Балашов В. В. Владимир Владимирович, Камышникова О. М. Ольга Михайловна, Коротков Э. М. Эдуард Михайлович, Удалищев Д. П. Дмитрий Павлович
要約:Исключено из фонда НТБ ТПУ
言語:ロシア語
出版事項: Москва, 1989
フォーマット: MixedMaterials 図書
KOHA link:https://koha.lib.tpu.ru/cgi-bin/koha/opac-detail.pl?biblionumber=244719

MARC

LEADER 00000nam0a2200000 4500
001 244719
005 20231031210920.0
035 |a (RuTPU)RU\TPU\book\266111 
090 |a 244719 
100 |a 20131028d1989 m y0rusy50 ca 
101 0 |a rus 
102 |a RU 
105 |a a j 001zy 
200 1 |a Организация управления развитием научно-технического потенциала отраслевых НИИ и КБ  |e проблемная лекция  |f В. В. Балашов [и др.]  |g Московский институт управления им. С. Орджоникидзе (МИУ) 
210 |a Москва  |d 1989 
215 |a 43 с.  |c ил. 
333 |a Исключено из фонда НТБ ТПУ 
701 1 |a Балашов  |b В. В.  |g Владимир Владимирович 
701 1 |a Камышникова  |b О. М.  |g Ольга Михайловна 
701 1 |a Коротков  |b Э. М.  |g Эдуард Михайлович 
701 1 |a Удалищев  |b Д. П.  |g Дмитрий Павлович 
712 0 2 |a Московский институт управления им. С. Орджоникидзе (МИУ)  |c (1975-1991) 
801 1 |a RU  |b 63413507  |c 20131028 
801 2 |a RU  |b 63413507  |c 20220412  |g RCR 
942 |c BK